<?xml version="1.0" encoding="UTF-8"?><?xml-stylesheet type="text/xsl" href="static/style.xsl"?><OAI-PMH xmlns="http://www.openarchives.org/OAI/2.0/" xmlns:xsi="http://www.w3.org/2001/XMLSchema-instance" xsi:schemaLocation="http://www.openarchives.org/OAI/2.0/ http://www.openarchives.org/OAI/2.0/OAI-PMH.xsd"><responseDate>2026-04-17T05:20:08Z</responseDate><request verb="GetRecord" identifier="oai:www.recercat.cat:10459.1/63759" metadataPrefix="marc">https://recercat.cat/oai/request</request><GetRecord><record><header><identifier>oai:recercat.cat:10459.1/63759</identifier><datestamp>2024-12-05T21:21:09Z</datestamp><setSpec>com_2072_3622</setSpec><setSpec>col_2072_479130</setSpec></header><metadata><record xmlns="http://www.loc.gov/MARC21/slim" xmlns:dcterms="http://purl.org/dc/terms/" xmlns:xsi="http://www.w3.org/2001/XMLSchema-instance" xmlns:doc="http://www.lyncode.com/xoai" xsi:schemaLocation="http://www.loc.gov/MARC21/slim http://www.loc.gov/standards/marcxml/schema/MARC21slim.xsd">
   <leader>00925njm 22002777a 4500</leader>
   <datafield ind2=" " ind1=" " tag="042">
      <subfield code="a">dc</subfield>
   </datafield>
   <datafield ind2=" " ind1=" " tag="720">
      <subfield code="a">Gómez Arbonés, Javier</subfield>
      <subfield code="e">author</subfield>
   </datafield>
   <datafield ind2=" " ind1=" " tag="260">
      <subfield code="c">2011-04-12T17:51:30Z</subfield>
   </datafield>
   <datafield ind2=" " ind1=" " tag="260">
      <subfield code="c">2001-04-04</subfield>
   </datafield>
   <datafield ind2=" " ind1=" " tag="260">
      <subfield code="c">1993-11-05</subfield>
   </datafield>
   <datafield ind2=" " ind1=" " tag="260">
      <subfield code="c">2001-04-04</subfield>
   </datafield>
   <datafield ind2=" " ind1=" " tag="520">
      <subfield code="a">Els linfomes no hodgkinianos són un grup heterogeni de neoplasies del sistema linforreticular. Sota el terme genèric de linfoma s'engloben neoplasies de ràpid creixement i elevada agressivitat, vaig agafar com altre bé tolerat durant mesos o anys. L'heterogeneïtat dels processos inclosos dintre dels linfomes es tradueix en una àmplia variabilitat en la presentació clínica, història natural i pronòstic de la malaltia. La caracterització dels linfomes s'ha fonamentat fonamentalment en la valoració histopatològica de biòpsies de mostres d'origen ganglionar o extraganglionar. Donada la diversitat del comportament dels linfomes, s'ha intentat estratificar als malalts afectes de linfoma en grups amb distint pronòstic segons la classificació histològica, de l'extensió de la malaltia, de la biologia tumoral, etc..</subfield>
   </datafield>
   <datafield ind2=" " ind1=" " tag="520">
      <subfield code="a">Los linfomas no hodgkinianos son un grupo heterogéneo de neoplasias del sistema linforreticular. Bajo el término genérico de linfoma se engloban neoplasias de rápido crecimiento y elevada agresividad, así como otras bien toleradas durante meses o años. La heterogeneidad de los procesos incluidos dentro de los linfomas se traduce en una amplia variabilidad en la presentación clínica, historia natural y pronóstico de la enfermedad. La caracterización de los linfomas se ha basado fundamentalmente en la valoración histopatológica de biopsias de muestras de origen ganglionar o extraganglionar. Dada la diversidad del comportamiento de los linfomas, se ha intentado estratificar a los enfermos afectos de linfoma en grupos con distinto pronóstico en función de la clasificación histológica, de la extensión de la enfermedad, de la biología tumoral, etc..</subfield>
   </datafield>
   <datafield ind1="8" ind2=" " tag="024">
      <subfield code="a">http://hdl.handle.net/10459.1/63759</subfield>
   </datafield>
   <datafield tag="653" ind2=" " ind1=" ">
      <subfield code="a">leucèmia</subfield>
   </datafield>
   <datafield tag="653" ind2=" " ind1=" ">
      <subfield code="a">immunohistoquímica</subfield>
   </datafield>
   <datafield tag="653" ind2=" " ind1=" ">
      <subfield code="a">citometria de flux</subfield>
   </datafield>
   <datafield tag="653" ind2=" " ind1=" ">
      <subfield code="a">genètica</subfield>
   </datafield>
   <datafield tag="653" ind2=" " ind1=" ">
      <subfield code="a">Ciències experimentals de la natura i la vida</subfield>
   </datafield>
   <datafield tag="653" ind2=" " ind1=" ">
      <subfield code="a">575</subfield>
   </datafield>
   <datafield tag="653" ind2=" " ind1=" ">
      <subfield code="a">616</subfield>
   </datafield>
   <datafield ind2="0" ind1="0" tag="245">
      <subfield code="a">Estudio del contenido en ADN y cinética celular de síndromes infoproliferativos. Estudio por citometría de flujo e inmunohistoquímica</subfield>
   </datafield>
</record></metadata></record></GetRecord></OAI-PMH>